| 000 | 00618nam a22001937a 4500 | ||
|---|---|---|---|
| 999 |
_c180488 _d180488 |
||
| 005 | 20210810131036.0 | ||
| 010 | _aENG-129721 | ||
| 020 |
_c260.00 _a978-93-90744-02-2 |
||
| 035 | _aEN-113253 | ||
| 037 | _bDBAD/PUB | ||
| 082 | _a000 | ||
| 100 | _aGupta's, R | ||
| 245 |
_aDFCCIL: _bJunior Executive (Operations & BD)/ _cR. Gupta's |
||
| 250 | _a2022 | ||
| 260 |
_bRamesh Publishing House _c2022 _aNew Delhi |
||
| 270 |
_minfo@rameshpublishouse.com _a12-H, New Daryaganj Road, Opp. Officers' Mess _bNew Delhi _e110002 _k011-23261567 |
||
| 300 |
_a132 p. _c24cm (pbk) |
||
| 942 |
_2ddc _cEN _h000 _kGUP |
||